| 000 | 00853nac a22002651u 4500 | ||
|---|---|---|---|
| 003 | EG-ScBUE | ||
| 005 | 20221027134830.0 | ||
| 008 | 221027t2002 nyua f 000 0bita d | ||
| 020 | _a3823855417 | ||
| 020 | _a9783823855415 | ||
| 035 | _a(GyWOH)har025023695 | ||
| 040 |
_aEG-ScBUE _beng _erda _cEG-ScBUE _dEG-ScBUE |
||
| 082 | 0 | 4 |
_a720.92 _222 _bAND |
| 245 | 0 | 0 |
_aAndrea Palladio / _cphotographs by Pino Guidolotti. |
| 264 | 1 |
_aNew York, N.Y. : _bteNeues, _c[2002] |
|
| 264 | 4 | _cc2002 | |
| 300 |
_a79 pages : _billustrations (some color) ; _c23 cm |
||
| 600 | 1 | 7 |
_aPalladio, Andrea, _d1508-1580. _2BUEsh |
| 650 | 7 |
_aArchitecture, Renaissance _zItaly _vCatalogs. _2BUEsh |
|
| 650 | 7 |
_aClassicism in architecture _zItaly _vCatalogs. _2BUEsh |
|
| 653 | _bENGARC | ||
| 655 | _vReading book | ||
| 700 | 1 |
_aGuidolotti, Pino, _ephotographer. |
|
| 942 |
_cBB _2ddc |
||
| 999 |
_c3160 _d3160 |
||